| 000 | 01013cab a22002055a 4500 | ||
|---|---|---|---|
| 001 | L153595 | ||
| 008 | 110808e20110805xxk 000 0 eng d | ||
| 035 | _a(Sirsi) u153595 | ||
| 041 | 0 | _aeng | |
| 100 | 1 | _aPhillips, Mike | |
| 245 | 0 | 0 | _aSentiment static as recovery falters |
| 260 | _c2011 | ||
| 490 | 0 |
_aProperty Week _v77(30) 5 August 2011, 18-19(2) |
|
| 520 | _aThe latest Lloyds Bank Confidence Monitor survey of nearly 450 property professionals shows confidence in the fragile recovery waning in the second half of 2011 with the faltering wider economy and the eurozone crisis as key causes. Fund managers are leading the bleak outlook. Appetite for cross-county investment is poor. Small businesses are trying to avoid leverage. Businesses expect the market to remain static. | ||
| 590 | _aKA | ||
| 651 | 4 |
_aUnited Kingdom _y |
|
| 690 | _aPROPERTY-COMMERCIAL PROPERTY-COMMERCIAL PROPERTY FINANCE AND INVESTMENT | ||
| 690 | _aPROPERTY-COMMERCIAL PROPERTY-COMMERCIAL PROPERTY MARKET | ||
| 942 | _n0 | ||
| 999 |
_c83334 _d83334 |
||